Statistiques concernant Associez chaque Premier Ministre à son Président. France

Cliquez ici pour prendre le quiz!

Statistiques générales

  • Ce quiz a été pris 240 fois
    (137 depuis la dernière actualisation)
  • Le résultat moyen est 17 sur 26

Statistiques - réponses

HintRéponse% Correct
Gabriel AttalEmmanuel Macron
97%
Jean CastexEmmanuel Macron
97%
Elisabeth BorneEmmanuel Macron
97%
François FillonNicolas Sarkozy
93%
Edouard PhilippeEmmanuel Macron
92%
Manuel VallsFrançois Hollande
85%
Bernard CazeneuveFrançois Hollande
81%
Jacques ChiracFrançois Mitterrand
78%
Dominique de VillepinJacques Chirac
76%
Jean-Marc AyraultFrançois Hollande
73%
Alain JuppéJacques Chirac
73%
Georges PompidouCharles de Gaulle
72%
Lionel JospinJacques Chirac
72%
Edith CressonFrançois Mitterrand
65%
Pierre BérégovoyFrançois Mitterrand
64%
Jean-Pierre RaffarinJacques Chirac
59%
Maurice Couve de MurvilleCharles de Gaulle
57%
Michel DebréCharles de Gaulle
55%
Michel RocardFrançois Mitterrand
55%
Laurent FabiusFrançois Mitterrand
55%
Pierre MauroyFrançois Mitterrand
50%
Raymond BarreValéry Giscard d'Estaing
50%
Edouard BalladurFrançois Mitterrand
45%
Jacques ChiracValéry Giscard d'Estaing
42%
Pierre MessmerGeorges Pompidou
36%
Jacques Chaban DelmasGeorges Pompidou
31%

Distribution des résultats

Percentile par nombre de réponses

% des personnes avec chaque résultat

Votre développement - résultats

Vous n’avez pas pris ce quiz depuis la dernière actualisation